Statistics for Countries That Start With MA

Click here to take the quiz!

General Stats

  • This quiz has been taken 46 times
    (13 since last reset)
  • The average score is 7 of 9

Answer Stats

Country% Correct
Mali
92%
Malawi
85%
Maldives
85%
Mauritania
85%
Mauritius
85%
Madagascar
77%
Malaysia
69%
Malta
54%
Marshall Islands
38%

Score Distribution

Percentile by Number Answered

Percent of People with Each Score

Your Score History

You have not taken this quiz since the last reset